00680 2200241 4500001002100000005001700021008004100038035002400079040001200103082001200115090001700127245011100144250001100255260002800266300002500294500001100319650001700330700003000347700001600377700001800393850001200411990001500423YOGYA-0209000001030120090227022028.0 ind  0010-020900000010301 aYOPDYOG a312.082 a312.082bIlm aILMU kependudukanbsuatu kumpulan bacaancpenyunting, Sediono M.P. Tjondronegoro, Said Rusli, Umar Tuanaya aCet. 1 aJakartabErlanggac1981 a282 hlmbilusc21 cm aIndeks aKependudukan aCondronegoro, Sediono M.P aRusli, Said aTuanaya, Umar aYOPDYOG aP000023020